| 000 | 00548nam a2200205 a 4500 | ||
|---|---|---|---|
| 001 | 13763 | ||
| 003 | CO-ViMGA | ||
| 008 | 141112s2004 ck r 000 u spa d | ||
| 020 | _a9580504059 | ||
| 040 |
_aCO-ViMGA _bspa _cCO-ViMGA |
||
| 082 | 0 | 4 | _aANDp |
| 100 | 1 |
_aAndersen, Hans C. _920056 |
|
| 245 | 1 | 0 | _aEl Patito feo |
| 260 |
_aSantafé de Bogotá : _bEducar Cultural Recreativa, _c1989 |
||
| 300 | _a24 | ||
| 490 | _aCuentos para soñar | ||
| 590 | _aForma de adquisición : Compra | ||
| 650 | 1 | 4 |
_aCUENTOS INFANTILES _92743 |
| 942 |
_2ddc _cBK |
||
| 999 |
_c24476 _d24476 |
||